书目信息 |
| 题名: |
雄伟壮丽的山川河流
|
|
| 作者: | 林新杰 主编 | |
| 分册: | ||
| 出版信息: | 北京 测绘出版社 2013 |
|
| 页数: | 152页 | |
| 开本: | 23cm | |
| 丛书名: | ||
| 单 册: | ||
| 中图分类: | K918.3 , K918.4 , K918 | |
| 科图分类: | ||
| 主题词: | 山--世界--通俗读物 , 河流--世界--通俗读物 , 山 , 河流 | |
| 电子资源: | ||
| ISBN: | 978-7-5030-3054-3 | |
| 000 | 00937nam0 2200301 450 | |
| 001 | 1744253051 | |
| 005 | 20170412154059.17 | |
| 010 | @a978-7-5030-3054-3@dCNY29.80 | |
| 100 | @a20140727d2013 em y0chiy50 ea | |
| 101 | 0 | @achi |
| 102 | @aCN@b110000 | |
| 105 | @aa z 000yy | |
| 106 | @ar | |
| 200 | 1 | @a雄伟壮丽的山川河流@9xiong wei zhuang li de shan chuan he liu@f林新杰主编 |
| 210 | @a北京@c测绘出版社@d2013 | |
| 215 | @a152页@c彩图@d23cm | |
| 300 | @a图说科普百科 彩图版 | |
| 330 | @a本书分为绵绵山脉、火山沙漠、高原峡谷、江河湖海、奇特的景观、气象万千和地理大揭密七章。具体内容包括:天山、喀喇昆仑山脉、黄山、喜马拉雅山、阿尔卑斯山脉等。 | |
| 606 | 0 | @a山@y世界@j通俗读物 |
| 606 | 0 | @a河流@y世界@j通俗读物 |
| 606 | 0 | @a山 |
| 606 | 0 | @a河流 |
| 690 | @aK918.3@v5 | |
| 690 | @aK918.4@v5 | |
| 690 | @aK918@v4 | |
| 701 | 0 | @a林新杰@9lin xin jie@4主编 |
| 801 | 0 | @aCN@b91MARC@c20140727 |
| 905 | @aMUSE@dK918@e3 | |
| 雄伟壮丽的山川河流/林新杰主编.-北京:测绘出版社,2013 |
| 152页:彩图;23cm |
| 图说科普百科 彩图版 |
| ISBN 978-7-5030-3054-3:CNY29.80 |
| 本书分为绵绵山脉、火山沙漠、高原峡谷、江河湖海、奇特的景观、气象万千和地理大揭密七章。具体内容包括:天山、喀喇昆仑山脉、黄山、喜马拉雅山、阿尔卑斯山脉等。 |
| ● |
| 相关链接 |
|
|
|
正题名:雄伟壮丽的山川河流
索取号:K918/3
 
预约/预借
| 序号 | 登录号 | 条形码 | 馆藏地/架位号 | 状态 | 备注 |
| 1 | 829660 | 2000829660 | 第二书库/ [索取号:K918/3] | 在馆 | |
| 2 | 829661 | 2000829661 | 第二书库/ [索取号:K918/3] | 在馆 |